Premier League All-Time Goalkeepers by Club Quiz Stats

 Plays Quiz Updated Nov 14, 2018

Score 0/145 Timer 17:00
78 Plays Today
% Correct
Petr Cech
87.3%
David Seaman
87.2%
Edwin Van der Sar
79.1%
Edwin Van der Sar
79.1%
Joe Hart
76.5%
Tim Howard
75.7%
Peter Schmeichel
75.4%
David James
74.2%
David James
74.2%
David James
74.2%
Shay Given
71.9%
Jose Reina
71.5%
David de Gea
71.1%
Brad Friedel
69.9%
Jens Lehmann
65.3%
Ben Foster
63.7%
Paul Robinson
63.1%
Paul Robinson
63.1%
Paul Robinson
63.1%
Ben Foster
59.2%
Kasper Schmeichel
58.9%
Brad Guzan
57.5%
Robert Green
55.6%
Robert Green
55.5%
Mark Schwarzer
54.7%
Mark Schwarzer
54.7%
Carlo Cudicini
51.6%
Simon Mignolet
50.6%
Hugo Lloris
49.9%
Jussi Jääskeläinen
47.6%
Robert Green
47.6%
Asmir Begovic
47.5%
Heurelho Gomes
46.4%
Artur Boruc
45.8%
Nigel Martyn
45.7%
Nigel Martyn
45.7%
Łukasz Fabiański
44.8%
Tom Heaton
43.7%
Nick Pope
42.7%
Tim Flowers
42.4%
Thomas Sorensen
42%
Thomas Sorensen
42%
Thomas Sorensen
42%
Ben Foster
41.5%
Steve Harper
41.3%
Asmir Begovic
41.1%
Ian Walker
39.5%
Ian Walker
39.5%
Brad Jones
39.4%
% Correct
Paul Jones
39.4%
Michel Vorm
38.6%
Neville Southall
38.5%
Joe Hart
38.4%
Wayne Hennessey
37.1%
Mark Bosnich
36.5%
Christopher Kirkland
36.3%
Mat Ryan
36.2%
Shaka Hislop
36.2%
Maik Taylor
35.4%
Simon Mignolet
34.9%
Julian Speroni
33.3%
Tim Krul
33.3%
Scott Carson
32.6%
Scott Carson
32.6%
David Marshall
32.2%
Thibaut Courtois
32.1%
Wojciech Szczesny
29.4%
Richard Wright
29.3%
Jonas Lössl
28.9%
John Ruddy
28.6%
Kasey Keller
27.8%
Paddy Kenny
27.4%
Adrián
27%
Fraser Forster
26.9%
Craig Gordon
26.2%
Jack Butland
26.1%
Marcus Hahnemann/Rui Patrício
26%
Neil Sullivan
25.9%
Steve Ogrizovic
25.5%
Marcus Hahnemann
25.4%
Ali Al Habsi
25.2%
Dean Kiely
24.3%
Neil Etheridge
23.3%
Boaz Myhill
23.3%
Brian Jensen
22.3%
Allan McGregor
22%
Matthew Gilks
21.6%
Mart Poom
20.9%
Bryan Gunn
20.7%
Mark Crossley
20.3%
John Lukic
19.5%
Kevin Pressman
19.2%
Dave Beasant
19%
Dave Beasant
19%
Adam Federici
18.1%
Pavel Srnicek
17.8%
Antti Niemi
17.6%
Richard Kingson
14.9%
% Correct
Chris Woods
13.5%
Gerhard Tremmel
13.2%
Alex McCarthy
12.8%
Ádám Bogdán
12.8%
Wayne Hennessey
12.2%
Mike Pollitt
11.4%
David Button
10.8%
Paul Gerrard
10.6%
Paul Gerrard
10.6%
Hans Segers
10.3%
Adam Federici
10.1%
Luděk Mikloško
10.1%
Ben Hamer
10%
Russell Hoult
9.8%
Russell Hoult
9.8%
Magnus Hedman
9.6%
Alan Kelly
9.4%
Craig Forrest
9.3%
Gary Walsh
8.3%
Gary Walsh
8.3%
Eldin Jakupović
7.8%
Gary Walsh
7.4%
Michael Oakes
7.2%
Andy Oakes
7.1%
David Watson
6.8%
Jamie Ashdown
6.6%
Tony Roberts
6.4%
Tony Coton
6.3%
Alec Chamberlain
5.9%
Paul Rachubka
5.7%
Sasa Ilic
5.6%
Matt Clarke
4.6%
Fraser Digby
4.4%
Joe Lewis
4.2%
Simon Tracey
3.5%
Jonathan Gould
3.3%
Keith Branagan
3.2%
Paul Heald
2.9%
Lars Leese
2.7%
Jan Stejskal
2.5%
Jon Hallworth
2.2%
Paul Heald/Jon Sheffield
2%
Joel Coleman
1.9%
Aidan Davison
1.9%
Clive Baker
1.7%
Andy Marriot
1.5%
Nicky Hammond
1.3%

You're not logged in!

Compare scores with friends on all Sporcle quizzes.
OR
Log In

Sporcle TV

Today on Sporcle TV


Watch our educational content, quiz creation guides, and fun videos on Sporcle TV.

Show Comments

Extras

Top Quizzes Today


Score Distribution

Your Account Isn't Verified!

In order to create a playlist on Sporcle, you need to verify the email address you used during registration. Go to your Sporcle Settings to finish the process.

Report this User

Report this user for behavior that violates our Community Guidelines.

Details: